| 000 -LEADER |
| fixed length control field |
00888cam a2200277 a 4500 |
| 001 - CONTROL NUMBER |
| control field |
18265 |
| 003 - CONTROL NUMBER IDENTIFIER |
| control field |
BD-DhUAP |
| 005 - DATE AND TIME OF LATEST TRANSACTION |
| control field |
20201220103633.0 |
| 008 - FIXED-LENGTH DATA ELEMENTS--GENERAL INFORMATION |
| fixed length control field |
201220r20112010ii abf b f000 0 eng |
| 020 ## - INTERNATIONAL STANDARD BOOK NUMBER |
| International Standard Book Number |
9780070700727 |
| 020 ## - INTERNATIONAL STANDARD BOOK NUMBER |
| International Standard Book Number |
0070700729 |
| 040 ## - CATALOGING SOURCE |
| Original cataloging agency |
BD-DhUAP |
| Transcribing agency |
BD-DhUAP |
| Modifying agency |
BD-DhUAP |
| Language of cataloging |
Eng |
| 082 ## - DEWEY DECIMAL CLASSIFICATION NUMBER |
| Classification number |
658 WEI |
| Edition number |
23 |
| 100 ## - MAIN ENTRY--PERSONAL NAME |
| Personal name |
Weihrich, Heinz. |
| 245 ## - TITLE STATEMENT |
| Title |
Management : |
| Remainder of title |
a global, innovative, and entrepreneurial perspective / |
| Statement of responsibility, etc. |
Heinz Weihrich, Harold Koontz and Mark V. Cannice. |
| 250 ## - EDITION STATEMENT |
| Edition statement |
13th ed. |
| 260 ## - PUBLICATION, DISTRIBUTION, ETC. |
| Place of publication, distribution, etc. |
New Delhi : |
| Name of publisher, distributor, etc. |
McGraw Hill Education, |
| Date of publication, distribution, etc. |
c2010 [Reprinted 2011]. |
| 300 ## - PHYSICAL DESCRIPTION |
| Extent |
xli, 537 pages : |
| Other physical details |
illustrations ; |
| Dimensions |
24 cm. |
| 500 ## - GENERAL NOTE |
| General note |
Includes index. |
| 650 ## - SUBJECT ADDED ENTRY--TOPICAL TERM |
| Topical term or geographic name entry element |
Management. |
| 650 ## - SUBJECT ADDED ENTRY--TOPICAL TERM |
| Topical term or geographic name entry element |
Industrial management. |
| 700 ## - ADDED ENTRY--PERSONAL NAME |
| Personal name |
Koontz, Harold. |
| 700 ## - ADDED ENTRY--PERSONAL NAME |
| Personal name |
Cannice, Mark V. |
| 942 ## - ADDED ENTRY ELEMENTS (KOHA) |
| Source of classification or shelving scheme |
|
| Koha item type |
Book |